| 000 | 00920nam a2200205Ia 4500 | ||
|---|---|---|---|
| 008 | 0000001998 usa 0000000000eng00 | ||
| 090 | _aPUS00 B14a | ||
| 100 | 1 | _aBalken, Debra Bricker | |
| 245 | 1 | 3 |
_aArthur Dove _b: a retrospective _c/ Debra Bricken Balken in collaboration with William, C. Agee and Elizabeth Hutton Turner |
| 300 |
_a199 p. _c/ 31 cm. |
||
| 500 | _aExposición realizada en la Colección Philips, Washington, Septiembre 20, 1997 Enero 4, 1998 \ Con el patronazgo de la empresa colombiana PLARESA | ||
| 600 | 0 | 0 |
_aDOVE, ARTHUR, 1880194/ _xTRABAJOS PICTORICOS |
| 650 | 1 | 4 | _aARTE CONTEMPORANEO ESTADOUNIDENSE |
| 650 | 1 | 4 | _xCATALOGOS |
| 650 | 1 | 4 | _xEXPOSICIONES |
| 650 | 1 | 4 | _aPINTORES ESTADOUNIDENSES |
| 650 | 1 | 4 | _aPINTURA ESTADOUNIDENSE |
| 700 | 1 | _aAgee, William C. \ Turner, Elizabeth Hutton | |
| 999 |
_c8104 _d8104 |
||
| 260 |
_aCambridge : Addison Gallery of American Art, Phillips Academy _c1998 |
||